<?xml version="1.0" encoding="UTF-8"?>
<record
    xmlns:xsi="http://www.w3.org/2001/XMLSchema-instance"
    xsi:schemaLocation="http://www.loc.gov/MARC21/slim http://www.loc.gov/standards/marcxml/schema/MARC21slim.xsd"
    xmlns="http://www.loc.gov/MARC21/slim">

  <leader>00444    a2200121   4500</leader>
  <controlfield tag="001">ART_13540</controlfield>
  <controlfield tag="005">20260410161910.0</controlfield>
  <controlfield tag="008">260409a                                 </controlfield>
  <datafield tag="245" ind1="1" ind2="0">
    <subfield code="a">Condici&#xF3;n de actividad y posici&#xF3;n ocupacional de la mujer, y caracter&#xED;sticas socioecon&#xF3;micas de la familia en M&#xE9;xico</subfield>
  </datafield>
  <datafield tag="100" ind1="1" ind2=" ">
    <subfield code="a">Lustig, Nora</subfield>
  </datafield>
  <datafield tag="700" ind1="1" ind2=" ">
    <subfield code="a">Rend&#xF3;n, Teresa</subfield>
  </datafield>
  <datafield tag="773" ind1="0" ind2=" ">
    <subfield code="t">Demograf&#xED;a y econom&#xED;a</subfield>
    <subfield code="g">- Vol. XII, N&#xBA; 34 (ene./abr.1978)</subfield>
    <subfield code="w">REV13200</subfield>
  </datafield>
  <datafield tag="999" ind1=" " ind2=" ">
    <subfield code="c">26724</subfield>
    <subfield code="d">26724</subfield>
  </datafield>
</record>
